Normal view
MARC view
Entry Personal Name
001 - CONTROL NUMBER
- control field: 11135
003 - CONTROL NUMBER IDENTIFIER
- control field: OSt
005 - DATE AND TIME OF LATEST TRANSACTION
- control field: 20161004135631.0
008 - FIXED-LENGTH DATA ELEMENTS
- fixed length control field: 161004|| aca||aabn | a|a d
040 ## - CATALOGING SOURCE
- Original cataloging agency: OSt
- Transcribing agency: OSt
100 ## - HEADING--PERSONAL NAME
- Personal name: Edited by Hughes,R.A C;
670 ## - SOURCE DATA FOUND
- Source citation: Work cat.: (OSt): Edited by Hughes,R.A C;, Neurological Emergencies., 1997.
